00807cam a22002538a 45000010005000000030006000050050017000110080041000280100020000690200015000890350016001040400018001200500024001380820024001621000032001862450083002182600052003012630009003533000032003625000065003945000021004596000032004806500041005128743GBCCL20241126110508.0830721r19831943nyu 00010aeng  a 83013424 /MN a0452254833 aOCM09783889 aDLCcDLCdLBB0 aML410.G978bA3 19830 a784.492aB219bGUT1 aGuthrie, Woody,d1912-1967.10aBound for glory /cby Woody Guthrie ; illustrated with sketches by the author. aNew York :bNew American Library,c1983, c1943. a8309 axii, 320 p.:bill.;c21 cm. aReprint. Originally published: New York : E.P. Dutton, 1943. a"A Signet book."10aGuthrie, Woody,d1912-1967. 0aComposerszUnited StatesvBiography.